000
00294nam a22001337a 4500
008
171005b xxu||||| |||| 00| 0 eng d
020
_a
070999010007
041
_a
eng
080
_a
159.9
100
_a
49
101
_a
PSI
245
_a
YOU JUST DON'T UNDERSTAND
_c
TANNEN,D
942
_2
udc
_c
BK
999
_c
32118
_d
32118